000
00277nam a2200109Ia 4500
008
220204s9999 xx 000 0 und d
082
_a
93/99(038)
_b
BAI
245
0
_a
Hamlyn dictionary of dates and anniversaries
260
_a
London
_b
Hamlyn
_c
1978
700
_a
F M
942
_c
BK
999
_c
28177
_d
28177